[Event "RUS-Cup01 Chigorin mem"]
[Site "St Petersburg"]
[Date "1997.11.06"]
[Round "6"]
[White "Morozevich, Alexander"]
[Black "Kiriakov, Petr"]
[Result "1-0"]
[WhiteElo "2590"]
[BlackElo "2505"]

1.e4 e6 2.Qe2 d5 3.d3 dxe4 4.dxe4 b6 5.Nf3 Bc5 6.c3 a5 7.Qc2 Nf6 8.Bg5 h6
9.Bh4 Be7 10.Na3 Nfd7 11.Bg3 Bxa3 12.bxa3 Ba6 13.c4 Bb7 14.Rd1 Qc8 15.Be2 O-O
16.O-O Nc6 17.e5 Ne7 18.Nd4 Nc5 19.f3 Nf5 20.Bf2 Nxd4 21.Rxd4 Rd8 22.Rg4 Rd7
23.Bh4 Kh8 24.Qc1 Qf8 25.Qe3 Na4 26.Kh1 Qc5 27.Qf4 Rg8 28.Rd1 Nc3 29.Rxd7 Nxe2
30.Qxh6+  1-0

[Event "Cappelle op"]
[Site "Cappelle la Grande"]
[Date "1997.??.??"]
[Round "2"]
[White "Morozevich, Alexander"]
[Black "Ekstroem, Roland"]
[Result "1/2-1/2"]
[WhiteElo "2595"]
[BlackElo "2465"]

1.e4 c6 2.d4 d5 3.exd5 cxd5 4.Bd3 Nc6 5.c3 Nf6 6.Bf4 Bg4 7.Qb3 Qc8 8.Nd2 e6
9.Ngf3 Be7 10.O-O O-O 11.Ne5 Bh5 12.Bg5 Nd7 13.Bxe7 Nxe7 14.f4 f6 15.Nef3 Bf7
16.Rae1 Qc7 17.Nh4 Rfe8 18.Re3 Nf8 19.Qd1 Neg6 20.Qg4 Nxh4 21.Qxh4 Bg6 22.Bxg6 Nxg6
23.Qg4 Qd6 24.Nb3 Re7 25.g3 Rae8 26.Rf2 Nf8 27.Qf3 Nd7 28.Rd2 Nb6 29.Ree2 h6
30.Nc1 Nc4 31.Rd1 Qc6 32.Nd3 Nd6 33.Nf2 Qa4 34.a3 Ne4 35.Rde1 Nxf2 36.Kxf2 Qd7
37.g4 Qd6 38.Kg2 b5 39.h4 a5 40.g5 fxg5 41.fxg5 Rf8 42.Qg4 Qf4 43.Qxf4 Rxf4
44.Rxe6 Ref7 45.Kh3 hxg5 46.hxg5 b4 47.R1e3 Rf2 48.cxb4 axb4 49.Kg4 Rxb2
50.Kh5 bxa3 51.Rxa3 Rd7 52.Raa6 Rb8 53.Rad6 Rbd8 54.Rxd7 Rxd7 55.Kg6 Rd8
56.Rc6 Kh8 57.Kf5 Kh7 58.Ke5 Rf8 59.Rd6 Rf1 60.g6+ Kh6 61.Kxd5 Kg5 62.Re6 Kf5
63.Kd6 Ra1 64.d5 Rd1 65.Kc6 Rd2 66.Rd6 Ke5 67.Kd7 Rf2 68.Ke7 Rf1 69.Kd7 Rf2
70.Kc7 Rg2 71.Kc6 Rc2+ 72.Kd7 Rf2  1/2-1/2

[Event "Cappelle op"]
[Site "Cappelle la Grande"]
[Date "1997.??.??"]
[Round "6"]
[White "Morozevich, Alexander"]
[Black "Ruzele, Darius"]
[Result "1/2-1/2"]
[WhiteElo "2595"]
[BlackElo "2515"]

1.e4 c5 2.Nf3 e6 3.d3 d5 4.Qe2 Nf6 5.g3 b6 6.e5 Nfd7 7.Bg2 Bb7 8.c4 Qc7 9.cxd5 Bxd5
10.Nc3 Bc6 11.O-O Be7 12.Rd1 Qb7 13.d4 cxd4 14.Rxd4 O-O 15.Bf4 Bc5 16.Rd2 b5
17.Rc1 Na6 18.b3 Rac8 19.a4 bxa4 20.bxa4 Nb4 21.a5 Nd5 22.Nxd5 Bxd5 23.Rcd1 Nb8
24.Rxd5 exd5 25.Nh4 Qa6 26.Qd2 Nc6 27.Nf5 Qxa5 28.Qe2 Ne7 29.Nd6 Rc6 30.Bg5 Rc7
31.h4 Qb6 32.Bxe7 Rxe7 33.Nf5 Re6 34.Bxd5 Rfe8 35.Bxe6 Qxe6 36.Qe4 Qxe5 37.Qxe5 Rxe5
38.Rd8+ Bf8 39.Nd4 g6 40.Nc6 Re1+ 41.Kg2 Kg7 42.Nxa7 Bc5 43.Nb5 Re2 44.Nd4 Bxd4
45.Rxd4  1/2-1/2

[Event "RUS-ch m1-2"]
[Site "Elista"]
[Date "1997.??.??"]
[Round "2.1"]
[White "Korneev, Oleg"]
[Black "Morozevich, Alexander"]
[Result "1/2-1/2"]
[WhiteElo "2590"]
[BlackElo "2595"]

1.e4 e6 2.d4 d5 3.Nd2 dxe4 4.Nxe4 Nd7 5.Nf3 Ngf6 6.Nxf6+ Nxf6 7.Bd3 c5 8.O-O cxd4
9.Nxd4 Bc5 10.Be3 Bb6 11.c3 e5 12.Nc2 O-O 13.Bg5 h6 14.Bh4 Bg4 15.Bxf6 Bxd1
16.Bxd8 Bxc2 17.Bxc2 Raxd8 18.Rfd1 f5 19.Rxd8 Rxd8 20.Rd1 Rxd1+ 21.Bxd1 Kf8
22.Bb3 Bd8 23.Be6 g6 24.f3 Bg5 25.Kf2 Bc1 26.b3 Bb2  1/2-1/2

[Event "Krasnodar op"]
[Site "Krasnodar"]
[Date "1997.??.??"]
[Round "?"]
[White "Morozevich, Alexander"]
[Black "Malaniuk, Vladimir P"]
[Result "1/2-1/2"]
[WhiteElo "2595"]
[BlackElo "2610"]

1.e4 e5 2.Nf3 Nc6 3.Bc4 Bc5 4.c3 Nf6 5.d4 exd4 6.e5 d5 7.Bb5 Ne4 8.cxd4 Bb6
9.Nc3 O-O 10.Be3 Ne7 11.Bd3 Nxc3 12.bxc3 Bf5 13.O-O Qd7 14.Nh4 Bxd3 15.Qxd3 f5
16.Bg5 Ng6 17.Nxg6 hxg6 18.a4 c6 19.e6 Qxe6 20.Rfe1 Qc8 21.a5  1/2-1/2

[Event "Krasnodar op"]
[Site "Krasnodar"]
[Date "1997.??.??"]
[Round "?"]
[White "Morozevich, Alexander"]
[Black "Tseshkovsky, Vitaly"]
[Result "1-0"]
[WhiteElo "2595"]
[BlackElo "2510"]

1.e4 e5 2.Nf3 Nc6 3.Bc4 Bc5 4.Nc3 Nf6 5.d3 d6 6.Bg5 Bb4 7.Nd2 Bxc3 8.bxc3 h6
9.Bh4 Be6 10.Rb1 Rb8 11.Bb5 a6 12.Bxf6 gxf6 13.Bc4 Ne7 14.Bxe6 fxe6 15.O-O Kd7
16.f4 Qg8 17.fxe5 fxe5 18.Qh5 Qg5 19.Qxg5 hxg5 20.Rf7 b6 21.Rbf1 Rbg8 22.Nc4 Rg6
23.Na3 g4 24.g3 Ke8 25.d4 Rhg8 26.dxe5 dxe5 27.Nc4 Rg5 28.R7f6 R8g6 29.Rf8+ Kd7
30.Rd1+ Kc6 31.Rf7 b5 32.Rxe7 bxc4 33.Rdd7 Rg8 34.Rxc7+ Kb6 35.Rb7+ Kc6 36.Rec7+ Kd6
37.Rxc4 Rf8 38.Rb6+ Kd7 39.Ra4 Rc8 40.Raxa6 Rxc3 41.Ra7+ Kc8 42.Rxe6 Kb8
43.Rf7 Rg8 44.Rxe5 Rxc2 45.Rf2 Rc1+ 46.Kg2 Kc7 47.Re2 Kd6 48.Rb5 Ra1 49.e5+ Ke6
50.Rb6+ Ke7 51.Ra6  1-0

[Event "Krasnodar op"]
[Site "Krasnodar"]
[Date "1997.??.??"]
[Round "?"]
[White "Obukhov, Alexander"]
[Black "Morozevich, Alexander"]
[Result "1/2-1/2"]
[WhiteElo "2415"]
[BlackElo "2595"]

1.d4 Nf6 2.c4 g6 3.Nc3 Bg7 4.Bg5 c6 5.Nf3 d6 6.h3 h6 7.Bf4 Qa5 8.Qd2 Nbd7
9.a3 Qd8 10.e3 a6 11.Be2 b5 12.O-O Bb7 13.b3 O-O 14.Rfd1 bxc4 15.bxc4 c5
16.Qc2 Qa5 17.Nd2 cxd4 18.exd4 Qf5 19.Qxf5 gxf5 20.Rab1 Rab8 21.Be3 Rfc8
22.Bd3 e6 23.Rb3 Ba8 24.Rxb8 Nxb8 25.Na4 Nfd7 26.d5 exd5 27.cxd5 Bxd5 28.Bxf5 Be6
29.Bd3 d5 30.Nf3 d4 31.Rc1 Rxc1+ 32.Bxc1 Bb3 33.Nb2 Nc5 34.Bc4 Bxc4 35.Nxc4 d3
36.Ne1  1/2-1/2

[Event "New York op"]
[Site "New York"]
[Date "1997.??.??"]
[Round "?"]
[White "Krasenkow, Michal"]
[Black "Morozevich, Alexander"]
[Result "1-0"]
[WhiteElo "2615"]
[BlackElo "2595"]

1.Nf3 Nf6 2.c4 e6 3.d4 d5 4.Nc3 dxc4 5.e3 a6 6.Bxc4 c5 7.dxc5 Qxd1+ 8.Kxd1 Bxc5
9.a3 Nbd7 10.Ke2 b6 11.b4 Be7 12.Bb2 Bb7 13.Rhd1 O-O 14.Rac1 b5 15.Bd3 Nb6
16.Nb1 Na4 17.Be5 Rac8 18.Nc3 Nb2 19.Nd5 Nxd5 20.Bxb2 g6 21.Nd2 f6 22.Nb3 e5
23.Na5 Ba8 24.Bc2 Nb6 25.Bb3+ Kg7 26.g4 Rxc1 27.Rxc1 Rc8 28.Rxc8 Nxc8 29.g5 fxg5
30.Bxe5+ Bf6 31.Bxf6+ Kxf6 32.Bc2 g4 33.Nb3 Nd6 34.Nc5 Bb7 35.a4 bxa4 36.Bxa4 Bf3+
37.Ke1 Kg5 38.Nxa6 Kh4 39.Kf1 Ne4 40.Bb5 Ng5 41.Nc5 Bd5 42.Be2 Ne4 43.Nxe4 Bxe4
44.b5 Kg5 45.b6 Bb7 46.Kg1  1-0

[Event "RUS-Cup01 Chigorin mem"]
[Site "St Petersburg"]
[Date "1997.??.??"]
[Round "9"]
[White "Morozevich, Alexander"]
[Black "Lugovoi, Aleksei"]
[Result "1/2-1/2"]
[WhiteElo "2590"]
[BlackElo "2520"]

1.e4 c5 2.Nf3 d6 3.Bc4 Nf6 4.d3 Nc6 5.c3 g6 6.Bb3 Bg4 7.Nbd2 Bg7 8.h3 Bxf3
9.Nxf3 O-O 10.O-O Rc8 11.Qe2 Nd7 12.Rd1 Qb6 13.Be3 Qa6 14.a4 Nde5 15.Nxe5 Nxe5
16.Ba2 Nc6 17.h4 e6 18.h5 Rfe8 19.g3 Ne7 20.Qf3 Qb6 21.hxg6 hxg6 22.Rd2 Qc6
23.d4 cxd4 24.Bxd4 Qxa4 25.Kg2 Qb5 26.Rh1 Bxd4 27.cxd4 Qg5 28.Rdd1 d5 29.Rh7 Nf5
30.exf5 Kxh7 31.fxe6 Qf5 32.exf7 Qxf3+ 33.Kxf3 Red8 34.Re1 Kg7 35.Re5 Kxf7
36.Bxd5+ Kf6 37.Re6+ Kg7 38.Be4 Rf8+ 39.Ke3 Rf6 40.Re7+ Rf7 41.Re6 Rf6 42.Re7+ Rf7
43.Re6  1/2-1/2

[Event "RUS-Cup02"]
[Site "Moscow"]
[Date "1998.01.21"]
[Round "1"]
[White "Morozevich, Alexander"]
[Black "Polovnikova, Ekaterina"]
[Result "1-0"]
[WhiteElo "2590"]
[BlackElo "2335"]

1.e4 c5 2.Nf3 Nc6 3.Bb5 g6 4.Bxc6 dxc6 5.d3 f6 6.O-O e5 7.Be3 Nh6 8.h3 b6
9.c3 Nf7 10.d4 cxd4 11.cxd4 Bg7 12.Qc2 Bb7 13.Rd1 Qe7 14.dxe5 fxe5 15.a4 O-O
16.Nc3 Bc8 17.a5 Rb8 18.axb6 axb6 19.Na4 c5 20.b4 cxb4 21.Nxb6 Be6 22.Qc6 Rfe8
23.Rdb1 b3 24.Nd2 Qd6 25.Qa4 Red8 26.Ndc4 Bxc4 27.Nxc4 Qb4 28.Qa6 Qb5 29.Nb6 Qxa6
30.Rxa6 Rd3 31.Nd5 Bf8 32.Ra7 b2 33.Kf1 Ra3 34.Ke2 Rxa7 35.Bxa7 Rb7 36.Bb6 Ba3
37.Kd3 Nd6 38.f3 Kf7 39.Kc3 Nc8 40.Be3 Ke6 41.Kc2 Nd6 42.Bd2 Nc4 43.Bc3 Kd6
44.Kd3 Kc5 45.f4 exf4 46.Nxf4 Kb5 47.Nd5 Rf7 48.Bd4 Rf8 49.Ne3 Rc8 50.Nxc4 Rxc4
51.Bc3 Bb4 52.Bxb2 Rc7 53.Bd4 Rd7 54.e5 Ka4 55.e6 Rd6 56.Kc4  1-0

[Event "RUS-Cup02"]
[Site "Moscow"]
[Date "1998.01.22"]
[Round "2"]
[White "Guliev, Sarhan"]
[Black "Morozevich, Alexander"]
[Result "1-0"]
[WhiteElo "2445"]
[BlackElo "2590"]

1.d4 d5 2.c4 c6 3.Nc3 e5 4.cxd5 cxd5 5.dxe5 d4 6.Ne4 Qa5+ 7.Nd2 Nc6 8.Nf3 Nh6
9.g3 Ng4 10.Bg2 Ne3 11.fxe3 dxe3 12.O-O exd2 13.Bxd2 Qb6+ 14.Kh1 Be7 15.Bg5 O-O
16.Bxe7 Nxe7 17.Ng5 h6 18.Qd6 Nf5 19.Qxb6 axb6 20.e6 Ne3 21.exf7+ Kh8 22.Nf3 Nxf1
23.Ne5 Nxg3+ 24.hxg3 Bf5 25.b4 Ra3 26.e4 Re3 27.g4 Bh7 28.Rf1 g5 29.Nd7 Kg7
30.Nxf8 Kxf8 31.Rf6 b5 32.Kg1 Rg3 33.e5  1-0

[Event "RUS-Cup02"]
[Site "Moscow"]
[Date "1998.01.25"]
[Round "5"]
[White "Morozevich, Alexander"]
[Black "Kotsur, Pavel"]
[Result "1/2-1/2"]
[WhiteElo "2590"]
[BlackElo "2500"]

1.e4 c5 2.d3 g6 3.g3 Bg7 4.Bg2 Nc6 5.f4 e6 6.Nf3 Nge7 7.O-O O-O 8.c3 d6 9.Be3 b6
10.Na3 Bb7 11.Bf2 h6 12.Nc2 f5 13.exf5 exf5 14.d4 Na5 15.Re1 Nd5 16.Bf1 Nf6
17.b4 cxb4 18.cxb4 Nc4 19.b5 Na5 20.Nb4 Nd5 21.Nxd5 Bxd5 22.Nh4 Qf6 23.Rc1  1/2-1/2

[Event "Chebanenco mem 1st"]
[Site "Kishinev"]
[Date "1998.02.10"]
[Round "2"]
[White "Morozevich, Alexander"]
[Black "Chernov, Vadim"]
[Result "1/2-1/2"]
[WhiteElo "2590"]
[BlackElo "2405"]

1.e4 c5 2.Nf3 Nc6 3.Bb5 g6 4.Bxc6 dxc6 5.d3 Bg7 6.Nc3 Nf6 7.Be3 b6 8.h3 Nd7
9.Qd2 h6 10.d4 cxd4 11.Nxd4 Ne5 12.Qe2 c5 13.O-O-O cxd4 14.Bxd4 Qc7 15.f4 O-O
16.fxe5 Bxe5 17.Nd5 Qd6 18.Be3 Kh7 19.Qe1 Qe6 20.Qh4 Bg7 21.Bd4 Bxd4 22.Rxd4 Bb7
23.Rhd1 Rac8 24.Kb1 Kg7 25.Nc3 Bc6 26.Qg3 b5 27.a3 a5 28.Qf4 Rb8 29.Nd5 Rfc8
30.Qd2 Bxd5 31.exd5 Qb6 32.d6 exd6 33.Rxd6 Qc5 34.Rd5 Qb6 35.Rd6 Qc5 36.Rd5 Qb6
37.Rd7 Rc7 38.Rf1 Rxd7 39.Qxd7 Rf8 40.b4 axb4 41.axb4 h5 42.Kb2 Kg8 43.Rf3 Qa6
44.g4 hxg4 45.hxg4 Qa8 46.Rf4 Qe8 47.Qd6 Qe3 48.Qf6 Qa7 49.Kc1 Qe3+ 50.Kd1 Qa7
51.Rf1 Ra8 52.Kd2 Qc7 53.Kc1 Qa7 54.Kd2 Qc7 55.Kc1  1/2-1/2

[Event "Chebanenco mem 1st"]
[Site "Kishinev"]
[Date "1998.02.12"]
[Round "4"]
[White "Morozevich, Alexander"]
[Black "Bologan, Viktor"]
[Result "1-0"]
[WhiteElo "2590"]
[BlackElo "2580"]

1.e4 c5 2.g3 d5 3.d3 Nc6 4.Nd2 e6 5.Bg2 g6 6.Nh3 Bg7 7.O-O Nge7 8.f4 O-O
9.e5 f6 10.exf6 Bxf6 11.Nf3 Re8 12.Qe2 b5 13.Nf2 Bg7 14.Ng4 Nf5 15.Nge5 Qd6
16.c3 b4 17.Re1 a5 18.Qc2 Bd7 19.Bd2 Rec8 20.Re2 Nxe5 21.Nxe5 Bb5 22.Rae1 Qa6
23.Bf1 Qb6 24.g4 Nh6 25.c4 Be8 26.Bg2 Rab8 27.Be3 d4 28.Bf2 b3 29.axb3 Qxb3
30.Qd2 Qa2 31.Bh3 Nf7 32.Nxf7 Bxf7 33.f5 exf5 34.gxf5 Re8 35.Qf4 Qb3 36.Re7 Rxe7
37.Rxe7 gxf5 38.Bxf5 Rf8 39.Qg4 Bg6 40.Bxg6 hxg6 41.Qxg6 Qd1+ 42.Be1  1-0

[Event "Chebanenco mem 1st"]
[Site "Kishinev"]
[Date "1998.02.15"]
[Round "7"]
[White "Sakaev, Konstantin"]
[Black "Morozevich, Alexander"]
[Result "0-1"]
[WhiteElo "2620"]
[BlackElo "2590"]

1.d4 d5 2.c4 c6 3.Nf3 Nf6 4.Nc3 dxc4 5.a4 Bf5 6.Ne5 Nbd7 7.Nxc4 Qc7 8.g3 e5
9.dxe5 Nxe5 10.Bf4 Nfd7 11.Bg2 f6 12.O-O Nc5 13.e4 Bg6 14.Bxe5 fxe5 15.f4 Rd8
16.Qg4 exf4 17.gxf4 Nd3 18.Kh1 Bc5 19.f5 Bf7 20.e5 Bxc4 21.f6 Qxe5 22.Rf5 Qe6
23.fxg7 Rg8 24.Qh5+ Qg6 25.Qe2+ Be7 26.Rf8+ Rxf8 27.gxf8=Q+ Kxf8 28.Be4 Qf7  0-1

[Event "Russian Club Cup"]
[Site "Maikop"]
[Date "1998.06.04"]
[Round "2"]
[White "Morozevich, Alexander"]
[Black "Yakovich, Yuri"]
[Result "1-0"]
[WhiteElo "2590"]
[BlackElo "2570"]

1.e4 c5 2.Nf3 Nc6 3.Bb5 g6 4.O-O Bg7 5.Nc3 Nd4 6.Ba4 Qa5 7.Rb1 e6 8.a3 b5
9.b4 Qa6 10.bxc5 Nxf3+ 11.Qxf3 bxa4 12.Nb5 Ke7 13.d4 f6 14.Nc7 Qc6 15.d5 Qxc5
16.Nxa8 Ba6 17.Re1 Nh6 18.Be3 Qc8 19.d6+ Kxd6 20.Bxh6 Bxh6 21.Qxf6 Qf8 22.Red1+  1-0

[Event "Russian Club Cup"]
[Site "Maikop"]
[Date "1998.06.05"]
[Round "3"]
[White "Iskusnyh, Sergei"]
[Black "Morozevich, Alexander"]
[Result "0-1"]
[WhiteElo "2455"]
[BlackElo "2590"]

1.Nf3 Nf6 2.c4 c6 3.d4 d5 4.Nc3 dxc4 5.a4 Bf5 6.Ne5 Nbd7 7.Nxc4 Qc7 8.g3 e5
9.dxe5 Nxe5 10.Bf4 Nfd7 11.Bg2 f6 12.O-O Nc5 13.e4 Bg6 14.Nxe5 fxe5 15.Be3 Be7
16.b4 Rd8 17.Qc2 Ne6 18.Bh3 Nd4 19.Nb5 Qb6 20.Nxd4 exd4 21.Bd2 d3 22.Qa2 Bf7
23.Be6 O-O 24.Bxf7+ Rxf7 25.Qc4 Rd4 26.Qe6 c5 27.Qxb6 axb6 28.bxc5 Bxc5 29.Rfe1 Rc4
30.Bf4 Rc2 31.Red1 Rxf2 32.Kh1 Rd7 33.Rac1 Re2 34.e5 Kf7 35.Rd2 Bb4 36.Rdd1 Ke6
37.Rb1 Ba5 38.Kg1 h6 39.h4 Kf5 40.Rb3 d2 41.Rf3 Kg4 42.Rf2 Re1+ 43.Rf1 g5
44.hxg5 hxg5  0-1

[Event "Russian Club Cup"]
[Site "Maikop"]
[Date "1998.06.06"]
[Round "4"]
[White "Morozevich, Alexander"]
[Black "Shipov, Sergei"]
[Result "1-0"]
[WhiteElo "2590"]
[BlackElo "2620"]

1.e4 c5 2.Nf3 d6 3.d4 cxd4 4.Nxd4 Nf6 5.Nc3 a6 6.Be3 e6 7.f3 b5 8.Qd2 Bb7
9.g4 Nfd7 10.O-O-O Nb6 11.Bg5 Qc7 12.Ndxb5 axb5 13.Nxb5 Qc6 14.Nxd6+ Bxd6
15.Qxd6 Qxd6 16.Rxd6 N6d7 17.Kb1 h5 18.gxh5 Rxh5 19.h4 Ba6 20.Bg2 f6 21.Bd2 Nf8
22.b3 Nbd7 23.a4 Bb7 24.Bf1 g5 25.Bb5 Rxh4 26.Rd1 Rh3 27.Bb4 Bc8 28.R1d3 Kf7
29.Rc6 Ne5 30.Rd8 Nxc6 31.Rxf8+ Kg7 32.Bxc6 Rb8 33.Bd6 Rxf3 34.e5 Rf1+ 35.Kb2 f5
36.Re8 Rb6 37.Rxc8 g4 38.a5 Rxc6 39.Rxc6 g3 40.a6 g2 41.Bc5  1-0

[Event "Russian Club Cup"]
[Site "Maikop"]
[Date "1998.06.10"]
[Round "8"]
[White "Morozevich, Alexander"]
[Black "Svidler, Peter"]
[Result "1-0"]
[WhiteElo "2590"]
[BlackElo "2690"]

1.e4 c5 2.Nf3 d6 3.d4 cxd4 4.Nxd4 Nf6 5.Nc3 Nc6 6.f3 e6 7.Be3 Be7 8.Qd2 O-O
9.O-O-O d5 10.Qe1 Bb4 11.a3 Ba5 12.Nb3 Bxc3 13.Qxc3 Qc7 14.Bc5 Rd8 15.Bb5 Bd7
16.Bxc6 Bxc6 17.e5 Nd7 18.Bd6 Qb6 19.Nd4 Rac8 20.Qb4 a5 21.Qxb6 Nxb6 22.b3 Nd7
23.Rd3 b6 24.Rc3 Bb7 25.Rxc8 Rxc8 26.Kb2 Bc6 27.Rd1 h6 28.Rd3 Nc5 29.Rc3 Bd7
30.a4 f6 31.Nb5 Na6 32.Rxc8+ Bxc8 33.exf6 gxf6 34.Be7 Kg7 35.Bd8 Nb8 36.Bxb6 Nc6
37.c3 e5 38.Nc7 d4 39.cxd4 exd4 40.Nb5 d3 41.Kc3 Be6 42.Be3 Nb4 43.Nd4 Bf7
44.Bd2 Kg6 45.Kb2  1-0

[Event "Russian Club Cup"]
[Site "Maikop"]
[Date "1998.06.13"]
[Round "11"]
[White "Savchenko, Stanislav"]
[Black "Morozevich, Alexander"]
[Result "0-1"]
[WhiteElo "2595"]
[BlackElo "2590"]

1.Nf3 Nf6 2.c4 c6 3.d4 d5 4.e3 Bf5 5.Nc3 e6 6.Nh4 Be4 7.f3 Bg6 8.Qb3 Qb6
9.Nxg6 hxg6 10.Bd2 Nbd7 11.Be2 Be7 12.O-O Rd8 13.Rad1 Qc7 14.g3 dxc4 15.Bxc4 Nb6
16.Bc1 Nxc4 17.Qxc4 a6 18.e4 b5 19.Qe2 O-O 20.Be3 c5 21.dxc5 Bxc5 22.a3 Nd7
23.Bxc5 Qxc5+ 24.Qf2 Qc6 25.f4 Nb6 26.f5 Rxd1 27.Rxd1 Nc4 28.g4 Rc8 29.Rd3 Ne5
30.Rg3 Rd8 31.h4 Qc7 32.fxg6 fxg6 33.h5 Nd3 34.Qe3 Nxb2 35.Rg2 Rd3 36.Qg5 Qxc3  0-1

[Event "RUS-Cup07"]
[Site "Tomsk"]
[Date "1998.07.16"]
[Round "2"]
[White "Matveeva, Svetlana"]
[Black "Morozevich, Alexander"]
[Result "1/2-1/2"]
[WhiteElo "2460"]
[BlackElo "2590"]

1.d4 Nf6 2.c4 g6 3.Nf3 Bg7 4.g3 O-O 5.Bg2 d6 6.O-O Nc6 7.Nc3 a6 8.Bg5 h6
9.Bd2 e5 10.d5 Nd4 11.Ne1 Bd7 12.e3 Nf5 13.Nd3 Qe7 14.e4 Nd4 15.Ne2 b5 16.b3 Nxe2+
17.Qxe2 c5 18.dxc6 Bxc6  1/2-1/2

[Event "RUS-Cup07"]
[Site "Tomsk"]
[Date "1998.07.19"]
[Round "5"]
[White "Morozevich, Alexander"]
[Black "Salinnikov, Denis Y"]
[Result "1-0"]
[WhiteElo "2590"]
[BlackElo "2370"]

1.e4 e5 2.Nf3 Nc6 3.d4 exd4 4.Nxd4 Nf6 5.Nxc6 bxc6 6.e5 Qe7 7.Qe2 Nd5 8.c4 Ba6
9.b3 g6 10.f4 Bg7 11.Qf2 Nf6 12.Be2 Ne4 13.Qe3 f5 14.Ba3 Qe6 15.Nd2 Nxd2
16.Qxd2 O-O-O 17.Qa5 Bb7 18.O-O Kb8 19.Bc5 a6 20.Bf2 d6 21.exd6 cxd6 22.Rae1 Qd7
23.b4 Rde8 24.b5 Qc7 25.b6 Qc8 26.c5 d5 27.Bd3 Re4 28.Bxe4 fxe4 29.Qd2 Qf8
30.Bd4 Bf6  1-0

[Event "RUS-ch51"]
[Site "St Petersburg"]
[Date "1998.07.28"]
[Round "1"]
[White "Tregubov, Pavel V"]
[Black "Morozevich, Alexander"]
[Result "1/2-1/2"]
[WhiteElo "2535"]
[BlackElo "2625"]

1.d4 d5 2.c4 c6 3.Nf3 Nf6 4.Nc3 dxc4 5.a4 Bf5 6.Nh4 e6 7.Nxf5 exf5 8.e3 Bb4
9.Bxc4 O-O 10.O-O Nbd7 11.Bd2 Rc8 12.Ne2 Bd6 13.b4 Nb6 14.Bd3 g6 15.Ng3 Bxg3
16.hxg3 Nbd5 17.Qf3 Re8 18.Rfc1 Ne4 19.Be1 Qd6 20.Rc4 h5 21.b5 Nb6 22.Rc2 c5
23.a5 Nd7 24.Rd1 Rcd8 25.Bxe4 fxe4 26.Qe2 Ne5 27.Rxc5 Nd3 28.Rc2 Rc8 29.Rxc8 Rxc8
30.f3 f5 31.fxe4 fxe4 32.g4 Qd5 33.gxh5 Qxh5 34.Qxh5 gxh5 35.Bg3 Kf7 36.Rf1+ Ke6
37.d5+ Kxd5 38.Rf5+ Kc4 39.Rxh5 Rc5 40.Rxc5+ Nxc5 41.b6 axb6 42.axb6 Nd7
43.Bc7 Kd3 44.g4 Kxe3 45.g5 Nf8 46.Kg2 Kd3 47.Bd6 Ng6 48.Kg3 e3 49.Kf3 Kd4
50.Bc7 Kd3 51.Bh2 Kd4 52.Bg1 Ke5 53.Bxe3 Kf5 54.Kg3 Ke4 55.Bd2 Kf5 56.Bc1 Ne7
57.Kh4 Nd5 58.Kh5 Ne7 59.Kh6 Ng6 60.Kg7 Ne5 61.Bb2 Ng6 62.Bf6 Nf4 63.Kf7 Ng6
64.Ke8 Nf4 65.Ke7 Nd5+ 66.Kf7 Nf4 67.Be7 Ng6 68.Bd6 Kxg5 69.Ke6 Kg4 70.Kd7 Kf5
71.Kc8  1/2-1/2

[Event "RUS-ch51"]
[Site "St Petersburg"]
[Date "1998.07.29"]
[Round "2"]
[White "Morozevich, Alexander"]
[Black "Rashkovsky, Nukhim N"]
[Result "1-0"]
[WhiteElo "2625"]
[BlackElo "2535"]

1.e4 c5 2.Nf3 d6 3.d4 cxd4 4.Nxd4 Nf6 5.Nc3 a6 6.f3 e5 7.Nb3 Be6 8.Be3 Nbd7
9.g4 h6 10.Qd2 b5 11.O-O-O Nb6 12.Qf2 Nfd7 13.Kb1 Rc8 14.Nd5 Bxd5 15.exd5 Nc4
16.Bc1 Qb6 17.Qe1 Be7 18.Bd3 a5 19.Qe2 a4 20.Nd2 Ne3 21.Bxb5 Nxd1 22.Rxd1 Qc7
23.Bxa4 O-O 24.Ne4 Nc5 25.Bc6 Nxe4 26.Qxe4 Rb8 27.a4 Bg5 28.f4 exf4 29.Bxf4 Qb6
30.b3 Bxf4 31.Qxf4 Qc5 32.Rd4 Qc3 33.Qd2 Qc5 34.Kb2 f5 35.Qc3 Qa7 36.Rf4 fxg4
37.Rxg4 Qe7 38.Rg6 Rf2 39.Re6 Qf8 40.a5 Rf3 41.Re3 Rf7 42.a6 Ra7 43.Bb7 Raxb7
44.axb7 Rxb7 45.Re6 Rd7 46.Qe3 Rd8 47.Re4 Qf7 48.Re6 Qh5 49.Qd2 Ra8 50.Re7 Qh4
51.Rc7 Re8 52.Qc3 Re5 53.Rc8+ Kf7 54.Qc7+ Qe7 55.Qxe7+ Kxe7 56.Rc7+ Kf6 57.c4 Re2+
58.Kc3 Rxh2 59.Rd7 Rh1 60.Rxd6+ Kf5 61.c5 h5 62.c6 h4 63.Kc2  1-0

[Event "RUS-ch51"]
[Site "St Petersburg"]
[Date "1998.07.31"]
[Round "4"]
[White "Morozevich, Alexander"]
[Black "Shchekachev, Andrei"]
[Result "1/2-1/2"]
[WhiteElo "2625"]
[BlackElo "2560"]

1.e4 c5 2.Nf3 e6 3.d3 Nc6 4.c3 d5 5.Qe2 Nf6 6.g3 e5 7.Nbd2 d4 8.Nc4 Bd6 9.Nxd6+ Qxd6
10.Bg2 O-O 11.O-O Bg4 12.c4  1/2-1/2

[Event "RUS-ch51"]
[Site "St Petersburg"]
[Date "1998.08.04"]
[Round "7"]
[White "Glek, Igor V"]
[Black "Morozevich, Alexander"]
[Result "1/2-1/2"]
[WhiteElo "2580"]
[BlackElo "2625"]

1.e4 e6 2.d4 d5 3.Nc3 Nf6 4.Bg5 Be7 5.e5 Nfd7 6.Bxe7 Qxe7 7.f4 O-O 8.Nf3 c5
9.Qd2 Nc6 10.dxc5 Qxc5 11.O-O-O Nb6 12.Kb1 Bd7 13.Bd3 Na5 14.Bxh7+ Kxh7 15.Ng5+ Kg8
16.Qd3 Rfe8 17.Qh7+ Kf8 18.Nce4 dxe4 19.Nxe4 Qc6 20.Rd6 Qb5 21.Qh8+ Ke7 22.Qh4+ Kf8
23.Qh8+ Ke7 24.Qh4+ Kf8  1/2-1/2

[Event "RUS-ch51"]
[Site "St Petersburg"]
[Date "1998.08.04"]
[Round "8"]
[White "Morozevich, Alexander"]
[Black "Galliamova, Alisa"]
[Result "1-0"]
[WhiteElo "2625"]
[BlackElo "2560"]

1.e4 c5 2.Nf3 e6 3.d3 Nc6 4.g3 Nf6 5.Bg2 d6 6.O-O Be7 7.c3 O-O 8.Qe2 b6 9.Na3 Ba6
10.Ne1 b5 11.Nac2 b4 12.c4 Bb7 13.f4 Nd7 14.Nf3 a5 15.g4 a4 16.g5 Re8 17.Qf2 b3
18.axb3 axb3 19.Rxa8 Qxa8 20.Na3 d5 21.Nb5 dxe4 22.Nd2 Rd8 23.Nxe4 Nb4 24.Qe2 Nf8
25.Nbc3 Nxd3 26.Be3 Ng6 27.Qg4 Nxb2 28.f5 exf5 29.Qxf5 Rf8 30.Bf2 Nxc4 31.h4 Nd6
32.Qg4 Nxe4 33.Nxe4 b2 34.h5 Ne5 35.Qf5 Nd3 36.Nf6+ Bxf6 37.gxf6 h6 38.fxg7 Bxg2
39.gxf8=Q+ Kxf8 40.Bxc5+ Nxc5 41.Qxf7+  1-0

[Event "RUS-Cup final"]
[Site "Samara"]
[Date "1998.09.01"]
[Round "4"]
[White "Filippov, Valerij"]
[Black "Morozevich, Alexander"]
[Result "1-0"]
[WhiteElo "2595"]
[BlackElo "2625"]

1.Nf3 Nf6 2.c4 g6 3.d4 Bg7 4.g3 O-O 5.Bg2 d6 6.Nc3 Nc6 7.O-O a6 8.Re1 Rb8
9.Rb1 Na5 10.Qa4 b6 11.c5 Qe8 12.Qc2 bxc5 13.dxc5 Nc6 14.Bg5 Bf5 15.e4 Nxe4
16.Nxe4 d5 17.Nfd2 Nb4 18.Qd1 dxe4 19.Bxe4 Bxe4 20.Nxe4 f5 21.Nc3 e5 22.Nd5 Nxd5
23.Qxd5+ Qf7 24.Qxf7+ Kxf7 25.b3 h6 26.Bd2 Rb5 27.a4 Rbb8 28.c6 Rfd8 29.Ba5 Rd5
30.b4 e4 31.Red1 Ke6 32.Rxd5 Kxd5 33.Bxc7 Rc8 34.Bf4 g5 35.Be3 Kxc6 36.b5+ axb5
37.axb5+ Kb7 38.Rd1 Rc7 39.Rd6 Rf7 40.Ra6 Kb8 41.Re6 Bf8 42.h3 Kb7 43.g4 f4
44.Bd4 Rc7 45.Rxe4 Rc4 46.Re8 Bd6 47.Bg7 f3 48.Re1 h5 49.gxh5 Rh4 50.Re6 Bc5
51.Re5 Kb6 52.Rxg5 Rxh3 53.Be5 Kb7 54.Bf4 Bd4 55.Be3 Bf6 56.Rf5 Bd8 57.Rf7+ Kc8
58.b6  1-0

[Event "RUS-Cup final"]
[Site "Samara"]
[Date "1998.09.06"]
[Round "8"]
[White "Fedorov, Alexei"]
[Black "Morozevich, Alexander"]
[Result "1-0"]
[WhiteElo "2600"]
[BlackElo "2625"]

1.e4 c6 2.d4 d5 3.e5 c5 4.dxc5 Nc6 5.Bf4 e6 6.Nd2 Nge7 7.Ngf3 Ng6 8.Bg3 Bxc5
9.Bd3 f6 10.exf6 Qxf6 11.O-O Bb6 12.Bxg6+ hxg6 13.c4 Rh5 14.Rb1 Kf7 15.b4 a6
16.a4 a5 17.b5 Nb4 18.c5 Ba7 19.Qe2 e5 20.Nxe5+ Kg8 21.Rbc1 Na2 22.Ne4 dxe4
23.Qxa2+ Be6 24.Qa1 Re8 25.f4 exf3 26.Rxf3 Rf5 27.Qc3 Bd5 28.Rxf5 gxf5 29.Nf3 Qh6
30.Rd1 Be4 31.Rd6 Qh5 32.Rd7 Qg4 33.Ne5 Qe2 34.Nf3  1-0

[Event "RUS-Cup final"]
[Site "Samara"]
[Date "1998.09.08"]
[Round "10"]
[White "Zvjaginsev, Vadim"]
[Black "Morozevich, Alexander"]
[Result "1/2-1/2"]
[WhiteElo "2650"]
[BlackElo "2625"]

1.Nf3 Nf6 2.c4 c6 3.Nc3 d5 4.e3 a6 5.h3 Qc7 6.d4 b5 7.b3 Bf5 8.Bd3 Bg6 9.O-O e6
10.Ne5 Bxd3 11.Qxd3  1/2-1/2

[Event "Elista ol (Men)"]
[Site "Elista"]
[Date "1998.10.01"]
[Round "3"]
[White "Ionescu, Constantin"]
[Black "Morozevich, Alexander"]
[Result "1/2-1/2"]
[WhiteElo "2515"]
[BlackElo "2625"]

1.d4 d5 2.c4 c6 3.Nf3 Nf6 4.Qc2 g6 5.Bf4 Na6 6.e3 Bf5 7.Qb3 Nb4 8.Qxb4 e5
9.Qxb7 Rb8 10.Qxc6+ Bd7 11.Qxf6 Qxf6 12.Bxe5 Qb6 13.b3 Bb4+ 14.Nbd2 O-O 15.Bxb8 Rxb8
16.Bd3 Qa5 17.Ke2 Bg4 18.h3 Bxf3+ 19.Nxf3 Bc3 20.Rac1 dxc4 21.Bxc4 Qxa2+
22.Kd3 Ba5 23.b4 Qa3+ 24.Rc3 Qxb4 25.Rb3 Qd6 26.Rhb1 Bb6 27.Ne5 Rb7 28.g4 Kg7
29.g5 f6 30.gxf6+ Qxf6 31.Bd5 Rc7 32.f4 Qf5+ 33.Be4 Qxh3 34.Nc4 Re7 35.Rb5 Bc7
36.f5 Qg4 37.Nd2 a6 38.Rc5 gxf5 39.Bxf5 Qg3 40.Ne4 Qf3 41.Bxh7 Bf4 42.Rg1+ Kxh7
43.Nf6+ Kh6 44.Ng8+ Kh7 45.Nf6+ Kh6 46.Ng8+ Kh7  1/2-1/2